AANNDI (HINDI) (Record no. 18562)

MARC details
000 -LEADER
fixed length control field 00241nam a22001217a 4500
003 - CONTROL NUMBER IDENTIFIER
control field SGT
082 ## - DEWEY DECIMAL CLASSIFICATION NUMBER
Classification number 370
Item number JOS
100 ## - MAIN ENTRY--PERSONAL NAME
Personal name JOSHI, MALTI
245 ## - TITLE STATEMENT
Title AANNDI (HINDI)
260 ## - PUBLICATION, DISTRIBUTION, ETC. (IMPRINT)
Place of publication, distribution, etc DELHI
Name of publisher, distributor, etc MANU PUB.
Year of Publication 2009
300 ## - PAGE DESCRIPTION
No. of Pages 75
942 ## - ADDED ENTRY ELEMENTS (KOHA)
Source of classification or shelving scheme Dewey Decimal Classification
Koha item type Books
Holdings
Withdrawn status Lost status Source of classification or shelving scheme Damaged status Not for loan Collection code Home library Current library Date acquired SGTU Full call number Accession No. (Barcode) Date last seen Bill Date Koha item type
Withdrawn   Dewey Decimal Classification     MASS COMMUNICATION SGT Science & Social Sciences Library SGT Science & Social Sciences Library 22/07/2019 SGTU 370 JOS MC609 22/07/2019 22/07/2019 Books